| 000 | 00729nam a2200193 a 4500 | ||
|---|---|---|---|
| 005 | 20230601063735.0 | ||
| 008 | 991125s1951 mx 000 0 spa u | ||
| 035 | _aUPN01000041796 | ||
| 049 | _aLT | ||
| 050 | 4 |
_aLB1584 M6.5 _bG6.6 |
|
| 100 | 1 |
_aGonzález Blackaller, Ciro E. _928542 |
|
| 245 | 1 | 0 |
_aNuestro deber : _btexto de civismo para el quinto año de enseñanza primaria / _cCiro Eduardo González Blackaller, L. Guevara Ramírez. |
| 260 |
_aMéxico : _bCicerón, _c1951. |
||
| 300 |
_a122 p. : _bil. |
||
| 500 | _a"Basado en el programa oficial de la Secretaría de Educación Pública" | ||
| 650 | 4 |
_aCivismo _xEstudio y enseñanza (Elemental) _92807 |
|
| 700 | 1 |
_aGuevara Ramírez, Luis _ecoaut. _928757 |
|
| 905 | _aLibro | ||
| 999 |
_c41796 _d41796 |
||